| 000 | 00475pam a2200169 a 4500 | ||
|---|---|---|---|
| 020 |
_a0-8493-1889-0 _cHARD BOND |
||
| 041 | _aeng | ||
| 082 |
_a621.381 _bWHI |
||
| 100 | _aWHITAKER J. C. ED. | ||
| 245 |
_aTHE ELECTRONICS HANDBOOK 2ND ED _hTextual Documents |
||
| 250 | _a01-01-2005 | ||
| 260 | _bTAYLOR and FRANCIS CRC PRESS, BOCA ROTAN , FL | ||
| 300 |
_aXXVI/2608 _c26 * 18 |
||
| 500 | _a12777 | ||
| 653 | _aELECTRONIC CIRUCITS and APPLICATIONS (S.E.) | ||
| 930 | _a12306 | ||
| 999 |
_c55529 _d55529 |
||